[Event "SRB-chT (Women) Div1"]
[Site "Senta"]
[Date "2023.10.16"]
[Round "7.3"]
[White "Hristodoulaki, Antonia"]
[Black "Mehmed, Elif"]
[Result "0-1"]
[WhiteElo "2107"]
[BlackElo "2133"]
[PlyCount "68"]
[EventDate "2023.10.10"]
[EventType "team-tourn"]
[EventRounds "11"]
[EventCountry "SRB"]
[SourceTitle "Mega2024 Update 01"]
[Source "Chessbase"]
[SourceDate "2023.11.12"]
[SourceVersion "1"]
[SourceVersionDate "2023.11.12"]
[SourceQuality "1"]
[WhiteTeam "Nis Osnovac (W)"]
[BlackTeam "Pirot Cast i Slava (W)"]
[WhiteTeamCountry "SRB"]
[BlackTeamCountry "SRB"]

1. e4 c5 2. Nf3 Nc6 3. Bb5 e6 4. 0-0 Nge7 5. d4 cxd4 6. Nxd4 Ng6 7. Be3 Be7 8. c3 0-0 9. Nd2 a6 10. Bd3 b6 11. Qh5 Bb7 12. Rad1 Qc7 13. Bb1 Bd6 14. g3 Bc5 15. N2b3 Nce5 16. Nxc5 bxc5 17. Nb3 d6 18. f4 Nc4 19. Bc1 f5 20. Qe2 d5 21. exf5 exf5 22. Qe6+ Rf7 23. Bxf5 Nf8 24. Bxh7+ Kxh7 25. Qh3+ Kg8 26. f5 Qc6 27. Rf4 d4 28. Rdf1 Ne3 29. R1f3 Rxf5 30. Rxf5 Nxf5 31. Rf4 Re8 32. Kf2 d3 33. Be3 Rxe3 34. Qxf5 Re2+ 0-1

[Event "SRB-chT (Women) Div1"]
[Site "Senta"]
[Date "2023.10.11"]
[Round "2.3"]
[White "Mehmed, Elif"]
[Black "Grozdanovic, Anastasia"]
[Result "1-0"]
[WhiteElo "2133"]
[BlackElo "1944"]
[PlyCount "123"]
[EventDate "2023.10.10"]
[EventType "team-tourn"]
[EventRounds "11"]
[EventCountry "SRB"]
[SourceTitle "Mega2024 Update 01"]
[Source "Chessbase"]
[SourceDate "2023.11.12"]
[SourceVersion "1"]
[SourceVersionDate "2023.11.12"]
[SourceQuality "1"]
[WhiteTeam "Pirot Cast i Slava (W)"]
[BlackTeam "Kostolac Rudar (W)"]
[WhiteTeamCountry "SRB"]
[BlackTeamCountry "SRB"]

1. e4 e5 2. Nf3 Nc6 3. Bb5 Bc5 4. c3 Nf6 5. d4 exd4 6. e5 Nd5 7. 0-0 Be7 8. cxd4 d6 9. Nc3 Nxc3 10. bxc3 0-0 11. Qd3 Bd7 12. Ba3 dxe5 13. Bxe7 Qxe7 14. Bxc6 Bxc6 15. Nxe5 Qd6 16. Rfe1 Rad8 17. Re3 Qd5 18. Nxc6 Qxc6 19. Rae1 Qa4 20. Qe2 h6 21. h4 c5 22. dxc5 Qxh4 23. Re7 Rd5 24. g3 Qa4 25. Rxb7 Rxc5 26. Qe7 Qc6 27. Rxa7 Rxc3 28. Rd7 Qc8 29. Red1 Rc1 30. Qe3 Rxd1+ 31. Rxd1 Re8 32. Qf3 Qc4 33. Qb3 Qg4 34. a4 h5 35. Rb1 h4 36. a5 h3 37. a6 Qd4 38. Qf3 Re6 39. Rb8+ Kh7 40. Qf5+ Rg6 41. Qxh3+ Rh6 42. Qf5+ Rg6 43. Ra8 Qf6 44. Qc8 Rh6 45. Kg2 Qe5 46. Qc2+ f5 47. Qc4 Qe6 48. Qxe6 Rxe6 49. f4 Kg6 50. Kf3 Kh7 51. a7 Ra6 52. Ke3 Ra4 53. Kd3 g5 54. Kc3 Kg7 55. Kb3 Ra1 56. Kc4 Kh7 57. Kd5 Kg7 58. Ke5 Ra5+ 59. Ke6 g4 60. Kd6 Kh7 61. Ke7 Kg7 62. Ke6 1-0

[Event "Belgrade Serbia op"]
[Site "Belgrade"]
[Date "2023.07.24"]
[Round "9"]
[White "Mehmed, Elif"]
[Black "Djordjevic, Vuk D"]
[Result "1/2-1/2"]
[WhiteElo "2196"]
[BlackElo "2385"]
[PlyCount "247"]
[EventDate "2023.07.16"]
[EventType "swiss"]
[EventRounds "9"]
[EventCountry "SRB"]
[SourceTitle "CBM 215 Extra"]
[Source "ChessBase"]
[SourceDate "2023.09.30"]
[SourceVersion "1"]
[SourceVersionDate "2023.09.30"]
[SourceQuality "1"]

1. e4 e6 2. d4 d5 3. e5 c5 4. c3 Qb6 5. Nf3 Bd7 6. Be2 Bb5 7. Bxb5+ Qxb5 8. Na3 Qa6 9. dxc5 Bxc5 10. b4 Bf8 11. Nd4 Nd7 12. Nab5 Qb6 13. Be3 Qd8 14. Qh5 g6 15. Qh3 Be7 16. 0-0 Nf8 17. c4 dxc4 18. Rfd1 Qc8 19. Bg5 Bxb4 20. Nc2 Bc5 21. Rd8+ Qxd8 22. Bxd8 Rxd8 23. Nd6+ Bxd6 24. exd6 Rxd6 25. Qc3 f6 26. Qxc4 Ne7 27. Nd4 a6 28. Qb4 Rd7 29. Nb3 Nd5 30. Qa4 Kf7 31. Rc1 Re7 32. Na5 g5 33. Qb3 b6 34. Nc6 Rd7 35. Nb8 Ra7 36. Rc8 Ng6 37. Rxh8 Nxh8 38. Qd3 Ng6 39. Nxa6 f5 40. h3 h5 41. Qb5 Nge7 42. a4 g4 43. hxg4 hxg4 44. Nb8 Ra5 45. Qb3 Ra7 46. Qb5 Ra5 47. Qb3 Nf6 48. Qxb6 Rxa4 49. Nc6 Nxc6 50. Qxc6 Ra7 51. Kh2 Re7 52. Qc3 Rd7 53. Qe3 Rc7 54. Qd2 Rb7 55. Qc1 Ra7 56. Qb2 Rd7 57. Qc1 Kg6 58. Qc6 Rh7+ 59. Kg1 Re7 60. Qd6 Kf7 61. Kh2 e5 62. g3 Re8 63. Kg2 Re6 64. Qc7+ Re7 65. Qc4+ Kg6 66. Qb4 Rd7 67. Qb8 Rd5 68. Qc7 Rb5 69. Qd6 Kg5 70. Qf8 f4 71. gxf4+ exf4 72. Qa3 Re5 73. Qa6 f3+ 74. Kh2 Re2 75. Qb5+ Kh4 76. Kg1 Re1+ 77. Kh2 Re2 78. Kg1 Kh3 79. Kf1 Rc2 80. Qb1 Rc4 81. Kg1 Rc5 82. Qf1+ Kh4 83. Qa1 Nh5 84. Qd4 Rc2 85. Qd1 Rb2 86. Qd5 Rc2 87. Qd1 Re2 88. Qd5 Nf6 89. Qd8 Kg5 90. Qd4 Kf5 91. Qc5+ Re5 92. Qc8+ Kg6 93. Qc2+ Ne4 94. Qc7 Kf6 95. Qd8+ Ke6 96. Qe8+ Kd5 97. Qd7+ Kc4 98. Qc7+ Kd4 99. Qa7+ Rc5 100. Qd7+ Kc3 101. Qa4 Rc4 102. Qa3+ Kd4 103. Qa7+ Kd3 104. Qe3+ Kc2 105. Qa3 Nc3 106. Kh2 Ne2 107. Qa2+ Kc3 108. Qa5+ Kd3 109. Qd5+ Rd4 110. Qb5+ Kc2 111. Qf5+ Kd1 112. Qb1+ Kd2 113. Qa1 Rc4 114. Qa2+ Kd3 115. Qb3+ Kd4 116. Qe3+ Kd5 117. Qg5+ Kc6 118. Qf6+ Kb5 119. Qb2+ Rb4 120. Qe5+ Kc4 121. Qe4+ Kc3 122. Qe3+ Kc2 123. Qc5+ Kb3 124. Qe3+ 1/2-1/2

[Event "Belgrade (Women) 54th"]
[Site "Belgrade"]
[Date "2023.05.09"]
[Round "2"]
[White "Rakhmangulova, Anastasiya"]
[Black "Mehmed, Elif"]
[Result "1-0"]
[WhiteElo "2308"]
[BlackElo "2195"]
[PlyCount "135"]
[EventDate "2023.05.08"]
[EventType "tourn"]
[EventRounds "9"]
[EventCountry "SRB"]
[SourceTitle "CBM 214 Extra"]
[Source "ChessBase"]
[SourceDate "2023.07.31"]
[SourceVersion "1"]
[SourceVersionDate "2023.07.31"]
[SourceQuality "1"]

1. e4 c5 2. Nf3 Nc6 3. d4 cxd4 4. Nxd4 Nf6 5. Nc3 e5 6. Ndb5 d6 7. Bg5 a6 8. Na3 b5 9. Nd5 Be7 10. Bxf6 Bxf6 11. c4 b4 12. Nc2 a5 13. g3 0-0 14. Bg2 Be6 15. 0-0 Rc8 16. Qd3 g6 17. b3 Bg7 18. a3 bxa3 19. Rxa3 Rb8 20. Rd1 f5 21. Nc3 Nb4 22. Qe2 f4 23. Ne1 Qb6 24. Nb5 Rbd8 25. Bf3 fxg3 26. hxg3 Bh6 27. Nd3 Rf6 28. Nxb4 axb4 29. Ra2 Bd7 30. Rd3 Rdf8 31. Qd1 Bxb5 32. cxb5 Qxb5 33. Bg4 Qb6 34. Rf3 Rxf3 35. Bxf3 Qd4 36. Qxd4 exd4 37. Be2 Rc8 38. Bc4+ Kh8 39. Kf1 Rc7 40. Ke2 Bg5 41. Kd3 Bf6 42. Ra6 Rd7 43. f4 Kg7 44. Rb6 g5 45. Rxb4 gxf4 46. gxf4 h5 47. Rb5 h4 48. e5 dxe5 49. fxe5 Be7 50. Be6 Rd8 51. Rb7 Kf8 52. b4 Ra8 53. Kxd4 Ra3 54. b5 h3 55. Rb8+ Kg7 56. Rg8+ Kh7 57. Rg1 h2 58. Rh1 Ra4+ 59. Bc4 Rb4 60. Rxh2+ Kg6 61. Rg2+ Kf5 62. Rg7 Bd8 63. Rf7+ Kg6 64. e6 Bb6+ 65. Kd5 Ra4 66. Bd3+ Kh6 67. e7 Rd4+ 68. Kc6 1-0

[Event "Dimitrovgrad Spring"]
[Site "Dimitrovgrad"]
[Date "2023.04.15"]
[Round "7"]
[White "Pein, Jonathan"]
[Black "Mehmed, Elif"]
[Result "0-1"]
[WhiteElo "2301"]
[BlackElo "2180"]
[PlyCount "138"]
[EventDate "2023.04.11"]
[EventType "schev"]
[EventRounds "9"]
[EventCountry "BUL"]
[SourceTitle "CBM 213 Extra"]
[Source "ChessBase"]
[SourceDate "2023.05.31"]
[SourceVersion "1"]
[SourceVersionDate "2023.05.31"]
[SourceQuality "1"]
[WhiteTeam "Team A"]
[BlackTeam "Team B"]
[WhiteTeamCountry "BUL"]
[BlackTeamCountry "BUL"]

1. Nf3 Nf6 2. c4 e6 3. e3 d5 4. b3 Bd6 5. Bb2 0-0 6. Nc3 c6 7. Qc2 Nbd7 8. Rg1 e5 9. cxd5 Nxd5 10. Ne4 Qe7 11. a3 Bc7 12. g4 N7f6 13. g5 Nxe4 14. Qxe4 f5 15. gxf6 Nxf6 16. Qh4 e4 17. Ng5 Bf5 18. Bc4+ Kh8 19. Be6 Bg6 20. Ke2 h6 21. Rg2 Bh5+ 22. Ke1 hxg5 23. Qxg5 g6 24. Bg4 Bxg4 25. Rxg4 Qg7 26. Rxe4 Kg8 27. Re6 Bd8 28. Ke2 Kf7 29. Rd6 Be7 30. Bxf6 Bxf6 31. Qg4 Rfe8 32. Rg1 Rad8 33. Qc4+ Kf8 34. Qf4 Rxd6 35. Qxd6+ Kf7 36. Rg4 Be5 37. Qd3 Qf6 38. f4 Bc7 39. h4 Qe6 40. Kf3 Rd8 41. Qc3 Qd5+ 42. Ke2 Qh1 43. f5 Qh2+ 44. Kd1 Be5 45. Qc4+ Kf8 46. Qb4+ Bd6 47. Qd4 Qe5 48. Qxe5 Bxe5 49. fxg6 Kg7 50. Ke2 Rh8 51. Kf3 Bf6 52. Kf4 Rxh4 53. Rxh4 Bxh4 54. Kf5 c5 55. e4 b5 56. d3 a5 57. e5 Bg3 58. Ke6 a4 59. bxa4 b4 60. axb4 cxb4 61. a5 b3 62. a6 Bf2 63. d4 Bxd4 64. Kd5 b2 65. e6 b1Q 66. e7 Qb5+ 67. Kxd4 Qb4+ 68. Kd5 Qxe7 69. Kc6 Qa7 0-1

[Event "Dimitrovgrad Spring"]
[Site "Dimitrovgrad"]
[Date "2023.04.12"]
[Round "2"]
[White "Mehmed, Elif"]
[Black "Bryakin, Mikhail"]
[Result "1/2-1/2"]
[WhiteElo "2180"]
[BlackElo "2469"]
[PlyCount "192"]
[EventDate "2023.04.11"]
[EventType "schev"]
[EventRounds "9"]
[EventCountry "BUL"]
[SourceTitle "CBM 213 Extra"]
[Source "ChessBase"]
[SourceDate "2023.05.31"]
[SourceVersion "1"]
[SourceVersionDate "2023.05.31"]
[SourceQuality "1"]
[WhiteTeam "Team B"]
[BlackTeam "Team D"]
[WhiteTeamCountry "BUL"]
[BlackTeamCountry "BUL"]

1. e4 e5 2. Nf3 Nc6 3. Bb5 a6 4. Ba4 Nf6 5. 0-0 Nxe4 6. Re1 Nc5 7. Bxc6 dxc6 8. Nxe5 Be7 9. d4 Ne6 10. Be3 0-0 11. f4 f6 12. Nf3 Re8 13. Nc3 Nf8 14. Qd3 Bg4 15. Nh4 Qd7 16. f5 Bh5 17. Bf2 Rad8 18. Re3 Bd6 19. Ne4 Bf4 20. Ree1 Bf7 21. Rad1 b6 22. Qf3 Bg5 23. Qd3 Bh5 24. Ra1 Bg4 25. Nxg5 fxg5 26. h3 Bxh3 27. Qxh3 gxh4 28. c3 Rxe1+ 29. Rxe1 Re8 30. Bxh4 Rxe1+ 31. Bxe1 Qd5 32. a3 Qe4 33. Bg3 Qb1+ 34. Kh2 Qxb2 35. Bxc7 Qxa3 36. Bxb6 Qd6+ 37. Qg3 Qd5 38. Qf4 Nd7 39. Bd8 Kf7 40. c4 Qxc4 41. Qd6 Qd5 42. Qe7+ Kg8 43. Qe8+ Nf8 44. Bb6 Qd6+ 45. Kg1 Qd7 46. Qa8 Qxf5 47. Bc5 a5 48. Qxa5 Qb1+ 49. Kf2 Qf5+ 50. Kg1 Qb1+ 51. Kf2 Qc2+ 52. Kg1 Qc1+ 53. Kf2 Qf4+ 54. Kg1 Qe3+ 55. Kh2 Qf4+ 56. Kg1 Qb8 57. Qa2+ Kh8 58. Qf7 Ng6 59. Bb6 Qg8 60. Qd7 Qa8 61. Qf7 Qf8 62. Qd7 Nf4 63. Bc7 h6 64. Be5 Nd3 65. Kh2 Nxe5 66. dxe5 Qf4+ 67. Kg1 Qe3+ 68. Kf1 Qxe5 69. Qxc6 Qd4 70. Qc8+ Kh7 71. Qf5+ Kg8 72. Qe6+ Kf8 73. Qc6 Ke7 74. Qb7+ Kf6 75. Qc6+ Kg5 76. Qe8 Kf4 77. Qb8+ Kg5 78. Qg3+ Kf5 79. Qh3+ Ke5 80. Qh5+ Kd6 81. Qa5 Qf4+ 82. Kg1 Qe3+ 83. Kh1 Ke6 84. Qa6+ Kf5 85. Qc8+ Kg5 86. Qd8+ Kh5 87. Qd5+ g5 88. Qc6 g4 89. Qa6 Qc1+ 90. Kh2 Qf4+ 91. Kh1 Kh4 92. Qd3 Qe5 93. Qd8+ Kg3 94. Qd3+ Kf2 95. Qd2+ Kg3 96. Qe3+ Qxe3 1/2-1/2

[Event "Dimitrovgrad Spring"]
[Site "Dimitrovgrad"]
[Date "2023.04.11"]
[Round "1"]
[White "Kalaiyalahan, Akshaya"]
[Black "Mehmed, Elif"]
[Result "1-0"]
[WhiteElo "2130"]
[BlackElo "2180"]
[PlyCount "137"]
[EventDate "2023.04.11"]
[EventType "schev"]
[EventRounds "9"]
[EventCountry "BUL"]
[SourceTitle "CBM 213 Extra"]
[Source "ChessBase"]
[SourceDate "2023.05.31"]
[SourceVersion "1"]
[SourceVersionDate "2023.05.31"]
[SourceQuality "1"]
[WhiteTeam "Team A"]
[BlackTeam "Team B"]
[WhiteTeamCountry "BUL"]
[BlackTeamCountry "BUL"]

1. Nf3 Nf6 2. g3 b5 3. Bg2 Bb7 4. 0-0 e6 5. d3 Be7 6. c4 bxc4 7. dxc4 0-0 8. Nc3 d6 9. Qc2 c5 10. Rd1 Qb6 11. Bf4 Rd8 12. h3 Nc6 13. Be3 Rac8 14. Rac1 Qa6 15. b3 d5 16. cxd5 exd5 17. Bg5 Nb4 18. Qb2 h6 19. Bxf6 Bxf6 20. a3 d4 21. Na4 d3 22. Qb1 Nc2 23. Rxd3 Rxd3 24. exd3 Nxa3 25. Qa2 Nb5 26. Qe2 Nd4 27. Nxd4 Bxd4 28. Be4 Bxe4 29. Qxe4 Qb5 30. Qf5 Qc6 31. Nxc5 g6 32. Qf4 Qd5 33. b4 a5 34. Rc4 Bxc5 35. bxc5 Rxc5 36. Qd4 Qxd4 37. Rxd4 Rc8 38. Ra4 Ra8 39. Kg2 Kf8 40. Kf3 Ke7 41. Ke4 Kd6 42. d4 Kc6 43. d5+ Kb5 44. Ra2 Kc4 45. d6 Re8+ 46. Kf4 Kb4 47. d7 Rd8 48. Rb2+ Kc5 49. Rc2+ Kb6 50. Rd2 Kc6 51. Ra2 Kb6 52. Rd2 f6 53. Rd6+ Kc5 54. Rxf6 Rxd7 55. Rxg6 Ra7 56. Rxh6 a4 57. Re6 a3 58. Re1 Rf7+ 59. Kg5 Rxf2 60. h4 a2 61. h5 Rb2 62. Ra1 Kd6 63. h6 Rh2 64. g4 Ke5 65. Kg6 Rg2 66. g5 Kf4 67. Rf1+ Kg4 68. h7 Rf2 69. Rg1+ 1-0

[Event "Pozarevac Rudar 10th"]
[Site "Pozarevac"]
[Date "2023.02.07"]
[Round "7"]
[White "Mehmed, Elif"]
[Black "Krstic, Milos M"]
[Result "1-0"]
[WhiteElo "2147"]
[BlackElo "2236"]
[PlyCount "145"]
[EventDate "2023.02.02"]
[EventType "tourn"]
[EventRounds "9"]
[EventCountry "SRB"]
[SourceTitle "CBM 212 Extra"]
[Source "ChessBase"]
[SourceDate "2023.03.31"]
[SourceVersion "1"]
[SourceVersionDate "2023.03.31"]
[SourceQuality "1"]

1. e4 e5 2. Nf3 Nc6 3. Bb5 a6 4. Ba4 Nf6 5. 0-0 Be7 6. Re1 b5 7. Bb3 d6 8. c3 0-0 9. h3 Bb7 10. d4 Re8 11. Nbd2 Bf8 12. a3 g6 13. Bc2 Bg7 14. b3 Nb8 15. Bb2 Nbd7 16. a4 c6 17. Bd3 Qc7 18. Qc2 d5 19. dxe5 dxe4 20. Nxe4 Nxe4 21. Bxe4 Nxe5 22. c4 b4 23. c5 Rad8 24. Rad1 Nxf3+ 25. Bxf3 Rxd1 26. Rxd1 Qf4 27. Bxg7 Kxg7 28. Qd3 Qf6 29. a5 Re5 30. Qc4 Bc8 31. Kh2 Qg5 32. h4 Qf5 33. Qd4 Kh6 34. Rc1 Qf6 35. Qxb4 Be6 36. Qd4 Qf5 37. Bxc6 Bxb3 38. Bd7 Be6 39. Bxe6 Rxe6 40. c6 Re4 41. Qd2+ Kg7 42. g3 Re8 43. Qd4+ Qf6 44. Qc5 Rc8 45. c7 h5 46. Kg1 Qe6 47. Qd4+ Kh7 48. Qd8 Kg7 49. Rb1 Kh7 50. Rb6 Qe1+ 51. Kg2 Qe4+ 52. Kh2 Qc2 53. Qf6 Qxc7 54. Rxa6 Qb7 55. Rb6 Qd5 56. Rd6 Qa2 57. Rd7 Kg8 58. Rd8+ Rxd8 59. Qxd8+ Kh7 60. Qb6 g5 61. hxg5 h4 62. gxh4 Qa4 63. Qh6+ Kg8 64. g6 fxg6 65. Qxg6+ Kh8 66. Qh6+ Kg8 67. Qg5+ Kh8 68. Qf6+ Kg8 69. a6 Qc4 70. h5 Qc7+ 71. Kg2 Qa5 72. h6 Qd5+ 73. Qf3 1-0

[Event "Pozarevac Rudar 10th"]
[Site "Pozarevac"]
[Date "2023.02.06"]
[Round "6"]
[White "Ibadov, Dashgyn"]
[Black "Mehmed, Elif"]
[Result "1-0"]
[WhiteElo "2333"]
[BlackElo "2147"]
[PlyCount "89"]
[EventDate "2023.02.02"]
[EventType "tourn"]
[EventRounds "9"]
[EventCountry "SRB"]
[SourceTitle "CBM 212 Extra"]
[Source "ChessBase"]
[SourceDate "2023.03.31"]
[SourceVersion "1"]
[SourceVersionDate "2023.03.31"]
[SourceQuality "1"]

1. e4 c5 2. Nf3 Nc6 3. Nc3 e5 4. Bc4 Be7 5. d3 d6 6. Nd2 Nf6 7. Nf1 a6 8. a4 Rb8 9. Ne3 Nd4 10. 0-0 0-0 11. Ncd5 b5 12. axb5 axb5 13. Ba2 Be6 14. c3 Nc6 15. Bd2 Qd7 16. Bb3 Qb7 17. Nxf6+ Bxf6 18. Nd5 Bd8 19. f4 Na5 20. f5 Nxb3 21. Qxb3 Bxd5 22. Qxd5 Qxd5 23. exd5 c4 24. Kf2 cxd3 25. Ke3 Re8 26. Kxd3 e4+ 27. Ke2 Re5 28. Be3 Rxd5 29. Rad1 Rxd1 30. Rxd1 Bf6 31. Bf4 Rd8 32. Rd5 g5 33. fxg6 hxg6 34. Ke3 b4 35. cxb4 Bxb2 36. Kxe4 Bc3 37. b5 Bb4 38. b6 f5+ 39. Kd3 Bc5 40. b7 g5 41. Bg3 Ba7 42. Rxd6 Rf8 43. Ra6 f4 44. Rxa7 fxg3 45. hxg3 1-0

[Event "SRB-chT (Women)"]
[Site "Custica"]
[Date "2022.10.27"]
[Round "6.6"]
[White "Mehmed, Elif"]
[Black "Unuk, Laura"]
[Result "1/2-1/2"]
[WhiteElo "2189"]
[BlackElo "2297"]
[PlyCount "96"]
[EventDate "2022.10.22"]
[EventType "team-tourn"]
[EventRounds "11"]
[EventCountry "SRB"]
[SourceTitle "EXT 2024"]
[Source "ChessBase"]
[SourceDate "2023.10.10"]
[SourceVersion "1"]
[SourceVersionDate "2023.10.10"]
[SourceQuality "1"]
[WhiteTeam "Kostolac Rudar (W)"]
[BlackTeam "Kac Jugovic (W)"]
[WhiteTeamCountry "SRB"]
[BlackTeamCountry "SRB"]

1. e4 e5 2. Nf3 Nc6 3. Bb5 a6 4. Ba4 d6 5. 0-0 Bd7 6. d4 Nf6 7. Re1 b5 8. Bb3 Nxd4 9. Nxd4 exd4 10. c3 dxc3 11. Nxc3 Be7 12. Nd5 Nxd5 13. exd5 0-0 14. Bf4 Bf6 15. Qd2 a5 16. Rac1 Ra6 17. Re2 Re8 18. Bd1 h6 19. Rxe8+ Bxe8 20. Bf3 Bd7 21. h3 a4 22. Be3 a3 23. b3 Bb2 24. Rd1 Qf6 25. Be2 Ra8 26. Bg4 Bxg4 27. hxg4 Qh4 28. f3 Re8 29. Bf2 Qd8 30. Kf1 Qd7 31. Qb4 Re5 32. Bg3 Re3 33. Be1 Qe8 34. Qa5 Re2 35. Bf2 Rc2 36. Re1 Qb8 37. Re3 Rc1+ 38. Be1 Ra1 39. Qa6 Rxa2 40. Qc6 Be5 41. f4 Qc8 42. fxe5 Qxg4 43. Bg3 Qd1+ 44. Be1 Qg4 45. Bg3 Qh5 46. Kg1 Qd1+ 47. Be1 Qg4 48. Bg3 Qd1+ 1/2-1/2

[Event "Plovdiv Trainers and Students 2nd"]
[Site "Plovdiv"]
[Date "2022.10.01"]
[Round "4"]
[White "Stoyanov, Tsvetan"]
[Black "Mehmed, Elif"]
[Result "1-0"]
[WhiteElo "2449"]
[BlackElo "2189"]
[PlyCount "89"]
[EventDate "2022.09.29"]
[EventType "swiss"]
[EventRounds "9"]
[EventCountry "BUL"]
[SourceTitle "CBM 210 Extra"]
[Source "ChessBase"]
[SourceDate "2022.11.30"]
[SourceVersion "1"]
[SourceVersionDate "2022.11.30"]
[SourceQuality "1"]

1. e4 c5 2. Nf3 d6 3. d4 cxd4 4. Nxd4 Nf6 5. Nc3 Nc6 6. Bc4 Qb6 7. Nxc6 bxc6 8. 0-0 g6 9. Qe1 Bg7 10. e5 dxe5 11. Qxe5 Qb4 12. Qf4 a5 13. a3 Qb7 14. Na4 Nd5 15. Qh4 0-0 16. Bh6 Bf5 17. Bxg7 Kxg7 18. Bb3 e5 19. Rfe1 Rfe8 20. g4 Bc8 21. Nc5 Qc7 22. Rad1 Rb8 23. Rd3 h6 24. Ne4 Qe7 25. Qxe7 Rxe7 26. f3 Ba6 27. Rd2 Nb6 28. Nc5 Bc4 29. Rd6 Bd5 30. Re3 a4 31. Nxa4 Nc8 32. Rd8 Bxb3 33. cxb3 f5 34. b4 Kf7 35. Nc5 Ra8 36. gxf5 gxf5 37. Nd7 e4 38. fxe4 f4 39. Rc3 Ra7 40. Nb8 Rac7 41. Nxc6 Re8 42. Ne5+ Rxe5 43. Rxc7+ Ne7 44. Rdd7 Rxe4 45. Rxe7+ 1-0

[Event "Novi Sad TS Mix 263rd"]
[Site "Novi Sad"]
[Date "2022.05.27"]
[Round "7"]
[White "Mehmed, Elif"]
[Black "Popchev, Milko"]
[Result "0-1"]
[WhiteElo "2220"]
[BlackElo "2200"]
[PlyCount "118"]
[EventDate "2022.05.23"]
[EventType "swiss"]
[EventRounds "9"]
[EventCountry "SRB"]
[SourceTitle "CBM 208 Extra"]
[Source "ChessBase"]
[SourceDate "2022.07.31"]
[SourceVersion "1"]
[SourceVersionDate "2022.07.31"]
[SourceQuality "1"]

1. e4 d6 2. d4 e5 3. Nf3 exd4 4. Nxd4 Nf6 5. Nc3 Be7 6. g3 0-0 7. Bg2 c6 8. 0-0 Re8 9. h3 Bf8 10. a4 Na6 11. Re1 Nb4 12. Bf4 a5 13. g4 h6 14. Qd2 d5 15. e5 Nh7 16. Nd1 Ng5 17. c3 Na6 18. Ne3 Nc5 19. Qc2 g6 20. h4 Nge6 21. Bg3 Nxd4 22. cxd4 Ne6 23. Rad1 Be7 24. h5 g5 25. Nf5 Bf8 26. Bf1 Nf4 27. Re3 Be6 28. Rf3 Rc8 29. Bxf4 gxf4 30. Rxf4 Qg5 31. Rf3 c5 32. Rg3 cxd4 33. Qb3 Qf4 34. Nxd4 Qxe5 35. Nf3 Qf4 36. g5 Bc5 37. Kg2 hxg5 38. Rxg5+ Kh8 39. Qc3+ f6 40. Rg6 Rg8 41. Nd4 Bf7 42. Qg3 Qxg3+ 43. Rxg3 Bxh5 44. Be2 Rxg3+ 45. fxg3 Bg6 46. Bf3 Bxd4 47. Rxd4 Rc2+ 48. Kh3 Rxb2 49. Rxd5 b6 50. Rd8+ Kg7 51. Bg4 Rb4 52. Rd7+ Kh6 53. Rd6 Kg5 54. Bd7 Be4 55. Rd1 Rb2 56. Rd4 f5 57. g4 Rb4 58. Rd2 fxg4+ 59. Kh2 Kh4 0-1

[Event "Novi Sad TS Mix 263rd"]
[Site "Novi Sad"]
[Date "2022.05.24"]
[Round "3"]
[White "Woodward, Andy"]
[Black "Mehmed, Elif"]
[Result "1-0"]
[WhiteElo "2354"]
[BlackElo "2220"]
[PlyCount "53"]
[EventDate "2022.05.23"]
[EventType "swiss"]
[EventRounds "9"]
[EventCountry "SRB"]
[SourceTitle "CBM 208 Extra"]
[Source "ChessBase"]
[SourceDate "2022.07.31"]
[SourceVersion "1"]
[SourceVersionDate "2022.07.31"]
[SourceQuality "1"]

1. d4 d5 2. c4 e6 3. Nf3 Nf6 4. g3 Bb4+ 5. Bd2 Bd6 6. Bg2 c6 7. Qc2 Ne4 8. 0-0 0-0 9. Nc3 f5 10. Bf4 Bxf4 11. gxf4 Nd7 12. e3 Qe8 13. Ne2 Rf6 14. Ng3 Rh6 15. cxd5 cxd5 16. Rfc1 Ndf6 17. Ne5 Nxg3 18. hxg3 Nd7 19. Qc7 Nxe5 20. Qxe5 Bd7 21. Rc7 Rf6 22. Rxb7 Bc6 23. Rc7 Rc8 24. Rc1 Bb7 25. Rxc8 Bxc8 26. Bxd5 Bd7 27. Bf3 1-0

[Event "Novi Sad TS Mix 263rd"]
[Site "Novi Sad"]
[Date "2022.05.23"]
[Round "1"]
[White "Mehmed, Elif"]
[Black "Kovchan, Alexander"]
[Result "0-1"]
[WhiteElo "2220"]
[BlackElo "2527"]
[PlyCount "76"]
[EventDate "2022.05.23"]
[EventType "swiss"]
[EventRounds "9"]
[EventCountry "SRB"]
[SourceTitle "CBM 208 Extra"]
[Source "ChessBase"]
[SourceDate "2022.07.31"]
[SourceVersion "1"]
[SourceVersionDate "2022.07.31"]
[SourceQuality "1"]

1. e4 c5 2. Nf3 d6 3. d4 cxd4 4. Nxd4 Nf6 5. Nc3 a6 6. f3 e5 7. Nb3 Be6 8. Be3 h5 9. Nd5 Bxd5 10. exd5 g6 11. Qd2 Nbd7 12. 0-0-0 Qc7 13. Kb1 Bg7 14. c4 b6 15. Be2 a5 16. Na1 Nc5 17. Nc2 Qd7 18. Rhg1 h4 19. Na3 Kf8 20. g3 hxg3 21. hxg3 e4 22. g4 exf3 23. Bxf3 Re8 24. Bxc5 bxc5 25. Qxa5 Rh3 26. Rd3 Qe7 27. Nb5 Rxf3 28. Rxf3 Qe4+ 29. Ka1 Qxf3 30. Nxd6 Qf2 31. Rb1 Re2 32. Qb6 Ne8 33. a4 Rxb2 34. Rxb2 Qxb2+ 35. Qxb2 Bxb2+ 36. Kxb2 Nxd6 37. Kb3 Nb7 38. d6 Ke8 0-1